000 00314nam a22001337a 4500
003 SGT
082 _a615.01
_bI16T
100 _aTIWARI,RUCHI
245 _aINTELLECTUAL PROPERTY RIGHTS AND DRUG REGULATORY AFFAIRS
260 _aDELHI
_bNIRALI PUB
_c2016
300 _a350
650 _aAYURVEDA
942 _2ddc
_cBK
_03
999 _c15355
_d15355